Guess the country by its flag - Statistics

General Stats
  • This quiz has been taken 255 times
  • The average score is 7 of 10
Answer Stats
Picture Answer % Correct
United States of America
95%
Ukraine
94%
Poland
88%
South Korea
87%
Norway
84%
Pakistan
71%
The Netherlands
62%
Algeria
57%
Estonia
44%
Bhoutan
3%
No matching quizzes found
Score Distribution
Percent of People with Each Score
Percentile by Number Answered
Your Score History
You have not taken this quiz